El español y la globalización linguísitca

Bewaard in:
Bibliografische gegevens
Hoofdauteur: López Morales, Humberto
Coauteur: La Latinité en Question Colloque International Paris
Formaat: Conferentie akten Boek
Taal:Spanish
Tags: Voeg label toe
Geen labels, Wees de eerste die dit record labelt!

MARC

LEADER 00000nam a22000007a 4500
003 cru CIDCACS/IIS
005 20170518134127.0
007 ta
008 170518b2004 FR ||||| |||| 00| 0 spa d
040 |c cru CIDCACS/IIS 
090 |a 01.04.03 L356l 
100 1 |9 4790  |a López Morales, Humberto 
111 1 |9 4756  |a La Latinité en Question Colloque International  |c Paris  |d 16-19 marzo 2004 
245 1 3 |a El español y la globalización linguísitca  |c Humberto López Morales 
942 |2 ddc  |c LI 
773 0 |0 4788  |9 835  |a Colloque International  |d Paris: L'Institut des Hautes Etudes de L'Amérique Latina et L'Union Latine   |o 02153  |t La Latinité en question   |w (cru CIDCACS/IIS)34334  |z 9291220140  
999 |c 19333  |d 19333